00221 a2200109 4500001000700000020000600007040001100013100001700024240003300041245002800074362000900102169526 a  cMagnum aVisca, Jorge10aClinica psicopedagogicalpor10aClinica psicopedagogica0 a1899